[Event "CRO-chT4B Center North"]
[Site "Croatia"]
[Date "2016.04.24"]
[Round "4.2"]
[White "Zadravec, Marin"]
[Black "Car, Tihomir"]
[Result "0-1"]
[WhiteElo "1700"]
[BlackElo "2220"]
[PlyCount "58"]
[EventDate "2016.04.03"]
[EventType "team-tourn"]
[EventRounds "11"]
[EventCountry "CRO"]
[SourceTitle "EXT 2019"]
[Source "ChessBase"]
[SourceDate "2018.10.10"]
[SourceVersion "1"]
[SourceVersionDate "2018.10.10"]
[SourceQuality "1"]

1. e4 g6 2. d4 Bg7 3. c3 d5 4. exd5 Nf6 5. Nf3 Nxd5 6. g3 0-0 7. Bg2 Bg4 8. 0-0 Nc6 9. Qb3 Na5 10. Qb5 c6 11. Qd3 b5 12. Re1 Qb6 13. Ne5 Bf5 14. Qe2 Rac8 15. Nd2 f6 16. Nef3 e5 17. dxe5 fxe5 18. Rf1 e4 19. Ne1 e3 20. Ndf3 exf2+ 21. Qxf2 Nxc3 22. bxc3 Bxc3 23. Bb2 Bxb2 24. Qxb6 axb6 25. Rd1 Nc4 26. Rf2 Ba3 27. Nc2 Bc5 28. Ncd4 Bg4 29. Rd3 Rfd8 0-1

[Event "CRO-chT1B 24th"]
[Site "Bol"]
[Date "2015.10.09"]
[Round "7.34"]
[White "Car, Tihomir"]
[Black "Ostovic, Matija"]
[Result "0-1"]
[WhiteElo "2256"]
[BlackElo "2312"]
[PlyCount "60"]
[EventDate "2015.10.03"]
[EventType "team-tourn"]
[EventRounds "9"]
[EventCountry "CRO"]
[SourceTitle "CBM 168 Extra"]
[Source "ChessBase"]
[SourceDate "2015.10.29"]
[SourceVersion "1"]
[SourceVersionDate "2015.10.29"]
[SourceQuality "1"]
[WhiteTeam "Varazdin"]
[BlackTeam "Koprivnica Podravka"]
[WhiteTeamCountry "CRO"]
[BlackTeamCountry "CRO"]

1. c4 Nf6 2. Nc3 e6 3. e4 d5 4. e5 d4 5. exf6 dxc3 6. fxg7 cxd2+ 7. Qxd2 Qxd2+ 8. Bxd2 Bxg7 9. 0-0-0 Nc6 10. Nf3 Bd7 11. Bg5 f6 12. Be3 0-0-0 13. h4 e5 14. Be2 f5 15. g3 Rde8 16. h5 f4 17. Bc5 b6 18. Ba3 e4 19. Nh4 Nd4 20. Bf1 fxg3 21. fxg3 e3 22. Bd3 e2 23. Rde1 Bh6+ 24. Kb1 Bd2 25. b3 Re3 26. Bxe2 c6 27. Rhg1 Rxg3 28. Bb2 Rxg1 29. Rxg1 Nxe2 30. Kc2 Rd8 0-1

[Event "CRO-chT1B 24th"]
[Site "Bol"]
[Date "2015.10.06"]
[Round "4.54"]
[White "Zovko, Mario"]
[Black "Car, Tihomir"]
[Result "1-0"]
[WhiteElo "2293"]
[BlackElo "2256"]
[PlyCount "95"]
[EventDate "2015.10.03"]
[EventType "team-tourn"]
[EventRounds "9"]
[EventCountry "CRO"]
[SourceTitle "CBM 168 Extra"]
[Source "ChessBase"]
[SourceDate "2015.10.29"]
[SourceVersion "1"]
[SourceVersionDate "2015.10.29"]
[SourceQuality "1"]
[WhiteTeam "Vukovar 91"]
[BlackTeam "Varazdin"]
[WhiteTeamCountry "CRO"]
[BlackTeamCountry "CRO"]

1. e4 g6 2. d4 Bg7 3. Nc3 d6 4. g3 Nd7 5. Bg2 e5 6. Be3 Ngf6 7. h3 c6 8. a4 0-0 9. Nge2 Qe7 10. g4 exd4 11. Bxd4 Nc5 12. f3 d5 13. exd5 Rd8 14. f4 cxd5 15. 0-0 h5 16. g5 Nfe4 17. Bxg7 Kxg7 18. Qd4+ Kh7 19. Nxd5 Rxd5 20. Qxd5 Be6 21. Qe5 Nd2 22. Rfd1 Nc4 23. Qd4 Rc8 24. b3 Na5 25. Qd6 Nc6 26. Qxe7 Nxe7 27. Nd4 Nf5 28. b4 Nxd4 29. Rxd4 Nd7 30. Re1 Nb6 31. a5 Na4 32. c4 b6 33. axb6 axb6 34. Bd5 Rd8 35. Red1 Nc3 36. R1d2 Nxd5 37. cxd5 Bxh3 38. Rc2 Be6 39. d6 b5 40. Rc5 Bc4 41. Kf2 Kg7 42. Kg3 Kf8 43. Re5 Re8 44. Rc5 Rd8 45. f5 Ke8 46. Kf4 Kf8 47. f6 Ke8 48. d7+ 1-0

[Event "CRO-chT1B 24th"]
[Site "Bol"]
[Date "2015.10.03"]
[Round "1.24"]
[White "Loncar, Robert"]
[Black "Car, Tihomir"]
[Result "1-0"]
[WhiteElo "2354"]
[BlackElo "2256"]
[PlyCount "83"]
[EventDate "2015.10.03"]
[EventType "team-tourn"]
[EventRounds "9"]
[EventCountry "CRO"]
[SourceTitle "CBM 168 Extra"]
[Source "ChessBase"]
[SourceDate "2015.10.29"]
[SourceVersion "1"]
[SourceVersionDate "2015.10.29"]
[SourceQuality "1"]
[WhiteTeam "Kastel Stari Sedlar"]
[BlackTeam "Varazdin"]
[WhiteTeamCountry "CRO"]
[BlackTeamCountry "CRO"]

1. d4 g6 2. e4 Bg7 3. Nc3 c6 4. Nf3 d5 5. h3 dxe4 6. Nxe4 Nd7 7. Bd3 Ngf6 8. c3 0-0 9. Bf4 Qb6 10. Nxf6+ Nxf6 11. Qe2 c5 12. dxc5 Qxc5 13. 0-0 Bd7 14. Rfe1 Rfe8 15. Ne5 Be6 16. Bh2 Rad8 17. Bb5 Rf8 18. Ba4 Nd5 19. Bb3 b5 20. Nd3 Qb6 21. Nf4 Nxf4 22. Bxf4 Bxb3 23. axb3 Rd7 24. Be3 Qb8 25. b4 Rfd8 26. Ra5 Rb7 27. Rd1 Be5 28. Rxd8+ Qxd8 29. f4 Bc7 30. Rxb5 Bb6 31. Bxb6 axb6 32. Qe3 Qd1+ 33. Kh2 Qf1 34. Rd5 Ra7 35. Rd8+ Kg7 36. Qe5+ f6 37. Qe3 Kh6 38. Rd4 f5 39. Qg3 Kg7 40. Qe3 h5 41. Qe5+ Kh7 42. Rd8 1-0

[Event "CRO-chT1A 20th"]
[Site "Sibenik"]
[Date "2011.10.12"]
[Round "9.2"]
[White "Armanda, Ivica"]
[Black "Car, Tihomir"]
[Result "1-0"]
[WhiteElo "2396"]
[BlackElo "2264"]
[PlyCount "39"]
[EventDate "2011.10.04"]
[EventType "team-tourn"]
[EventRounds "9"]
[EventCountry "CRO"]
[SourceTitle "CBM 144 Extra"]
[Source "ChessBase"]
[SourceDate "2011.10.28"]
[SourceVersion "1"]
[SourceVersionDate "2011.10.28"]
[SourceQuality "1"]
[WhiteTeam "Mravince"]
[BlackTeam "Varazdin"]
[WhiteTeamCountry "CRO"]
[BlackTeamCountry "CRO"]

1. e4 c5 2. Nf3 e6 3. d4 cxd4 4. Nxd4 a6 5. Nc3 Qc7 6. Be2 b5 7. 0-0 Bb7 8. Re1 d6 9. Bg4 Nf6 10. Bg5 Nc6 11. Bxf6 gxf6 12. Nd5 exd5 13. Nxc6 Bg7 14. exd5+ Kf8 15. Re7 Qxe7 16. Nxe7 Kxe7 17. Qe1+ Kf8 18. Qb4 f5 19. Qxd6+ Kg8 20. Bh5 1-0

[Event "CRO-Cup 18th"]
[Site "Sibenik"]
[Date "2009.05.22"]
[Round "3"]
[White "Car, Tihomir"]
[Black "Krnic, Ivan"]
[Result "1/2-1/2"]
[WhiteElo "2274"]
[BlackElo "2187"]
[PlyCount "80"]
[EventDate "2009.05.20"]
[EventType "team-tourn"]
[EventRounds "5"]
[EventCountry "CRO"]
[SourceTitle "CBM 130 Extra"]
[Source "ChessBase"]
[SourceDate "2009.07.02"]
[SourceVersion "2"]
[SourceVersionDate "2009.07.15"]
[SourceQuality "1"]

1. d4 Nf6 2. c4 g6 3. Nc3 Bg7 4. e4 d6 5. f3 0-0 6. Be3 Nc6 7. Nge2 a6 8. Qd2 Rb8 9. Nc1 Nh5 10. g4 e5 11. N1e2 Nf6 12. d5 Na5 13. Ng3 c5 14. h4 b5 15. cxb5 axb5 16. h5 b4 17. Nd1 Qc7 18. Qh2 Bxg4 19. fxg4 Nxg4 20. Qh4 Nxe3 21. Nxe3 h6 22. Rc1 c4 23. Bxc4 b3 24. a3 Qb6 25. Ke2 Rfc8 26. Rc3 Rc7 27. Bd3 Rxc3 28. bxc3 b2 29. hxg6 fxg6 30. Rb1 Nb3 31. Nd1 Nc1+ 32. Kd2 h5 33. Rxb2 Bh6+ 34. Kc2 Qa7 35. Rxb8+ Qxb8 36. Bc4 Qc8 37. Bb5 Qc5 38. a4 Qa3 39. Nb2 Qb3+ 40. Kb1 Qa2+ 1/2-1/2

[Event "CRO Cup 17th"]
[Site "Sibenik"]
[Date "2008.05.21"]
[Round "1"]
[White "Car, Tihomir"]
[Black "Abramovic, Darko"]
[Result "1-0"]
[WhiteElo "2264"]
[BlackElo "2021"]
[PlyCount "47"]
[EventDate "2008.05.21"]
[EventType "swiss"]
[EventRounds "5"]
[EventCountry "CRO"]
[SourceTitle "CBM 124 Extra"]
[Source "ChessBase"]
[SourceDate "2008.07.03"]
[SourceVersion "1"]
[SourceVersionDate "2008.07.03"]
[SourceQuality "1"]

1. d4 d5 2. c4 c6 3. Nf3 Nf6 4. Nc3 e6 5. Qc2 Bd6 6. Bg5 Nbd7 7. cxd5 exd5 8. e3 0-0 9. Bd3 h6 10. Bh4 Re8 11. g4 Qc7 12. g5 hxg5 13. Bxg5 Bf4 14. 0-0-0 Bxg5 15. Nxg5 Nf8 16. Rdg1 Ne6 17. h4 Bd7 18. Rg3 Nh5 19. Nxe6 Bxe6 20. Rg5 g6 21. Rhg1 Kf8 22. Bxg6 fxg6 23. Qxg6 Bf7 24. Rf5 1-0

[Event "CRO-chT qual"]
[Site "Varazdin"]
[Date "2004.??.??"]
[Round "1"]
[White "Car, Tihomir"]
[Black "Sinanovic, Muhamed"]
[Result "0-1"]
[WhiteElo "2280"]
[BlackElo "2407"]
[PlyCount "97"]
[EventDate "2004.01.11"]
[EventType "team"]
[EventRounds "2"]
[EventCountry "CRO"]
[SourceTitle "CBM 098 Extra"]
[Source "ChessBase"]
[SourceDate "2004.03.10"]
[SourceVersion "2"]
[SourceVersionDate "2004.03.10"]
[SourceQuality "1"]

1. d4 c5 2. d5 e5 3. g3 d6 4. Bg2 f5 5. Nc3 Nf6 6. e4 Be7 7. Nge2 0-0 8. 0-0 fxe4 9. Nxe4 Nxe4 10. Bxe4 Bh3 11. Nc3 Qe8 12. Re1 a6 13. Rb1 Nd7 14. Bg2 Bf5 15. Be4 Qg6 16. Qd3 b5 17. Bxf5 Rxf5 18. Ne4 Nb6 19. b3 Raf8 20. Be3 Rh5 21. Qd1 Qf5 22. g4 Qg6 23. f3 Rhf5 24. Rf1 Rxf3 25. Rxf3 Qxg4+ 26. Rg3 Qxe4 27. Qd2 Nxd5 28. Bh6 Rf7 29. Rf1 Nf4 30. Bxf4 exf4 31. Rgf3 g5 32. Qg2 Bf6 33. c3 Be5 34. Qg4 Qf5 35. h3 Qxg4+ 36. hxg4 h5 37. gxh5 g4 38. Rd3 Rh7 39. a4 Rxh5 40. axb5 axb5 41. Ra1 c4 42. Ra8+ Kf7 43. bxc4 bxc4 44. Rd1 Rh3 45. Rb1 Rxc3 46. Rb7+ Ke6 47. Re8+ Kf5 48. Rf7+ Ke4 49. Rg7 0-1

[Event "CRO-chT qual"]
[Site "Varazdin"]
[Date "2004.??.??"]
[Round "2"]
[White "Car, Tihomir"]
[Black "Zelcic, Robert"]
[Result "0-1"]
[WhiteElo "2280"]
[BlackElo "2524"]
[PlyCount "90"]
[EventDate "2004.01.11"]
[EventType "team"]
[EventRounds "2"]
[EventCountry "CRO"]
[SourceTitle "CBM 098 Extra"]
[Source "ChessBase"]
[SourceDate "2004.03.10"]
[SourceVersion "2"]
[SourceVersionDate "2004.03.10"]
[SourceQuality "1"]

1. d4 Nf6 2. Nf3 d5 3. Bg5 Ne4 4. Bf4 Bf5 5. e3 e6 6. c3 Bd6 7. Bxd6 Qxd6 8. Nbd2 0-0 9. Nxe4 Bxe4 10. Be2 c5 11. 0-0 Nc6 12. Qd2 Rfd8 13. Rfd1 h6 14. Rac1 c4 15. Qe1 b5 16. Nd2 Bg6 17. Bf3 b4 18. e4 Rab8 19. Nf1 bxc3 20. bxc3 Rb2 21. Rd2 Rdb8 22. exd5 exd5 23. Ne3 Ne7 24. Rcd1 Bd3 25. g3 R2b6 26. Ng2 Ng6 27. Ne3 Re8 28. Rxd3 cxd3 29. Qd2 Ne7 30. Qxd3 Rb2 31. a4 Rc8 32. c4 Qf6 33. Ng4 Qe6 34. c5 Rcb8 35. Qe3 Rb1 36. Rxb1 Rxb1+ 37. Kg2 Nf5 38. Qd3 Rb4 39. Ne3 Nxe3+ 40. Qxe3 Rxa4 41. Qf4 g5 42. Qb8+ Kg7 43. h3 Rxd4 44. Qxa7 Rd2 45. Qa5 Qe1 0-1

[Event "CRO-Cup"]
[Site "Pula"]
[Date "2000.??.??"]
[Round "5"]
[White "Filipovic, Marko"]
[Black "Car, Tihomir"]
[Result "1-0"]
[WhiteElo "2260"]
[BlackElo "2355"]
[PlyCount "99"]
[EventDate "2000.??.??"]
[EventType "team"]
[EventRounds "5"]
[EventCountry "CRO"]
[SourceTitle "EXT 2001"]
[Source "ChessBase"]
[SourceDate "2000.11.22"]
[SourceVersion "1"]
[SourceVersionDate "2000.11.22"]
[SourceQuality "1"]

1. d4 Nf6 2. c4 d6 3. Nc3 Nbd7 4. e4 e5 5. d5 Nc5 6. f3 a5 7. Be3 Be7 8. Nge2 0-0 9. Ng3 Ne8 10. Qd2 h6 11. Be2 Bg5 12. 0-0 Bxe3+ 13. Qxe3 g5 14. Nh5 Ng7 15. Nxg7 Kxg7 16. g3 f6 17. f4 Bd7 18. f5 a4 19. h4 Rh8 20. Kg2 Ra6 21. Rh1 Rb6 22. hxg5 fxg5 23. Rab1 Rf8 24. Bh5 Rb4 25. Qe2 Rh8 26. a3 Rb6 27. Nd1 Be8 28. Nf2 Nd7 29. Ng4 Nf6 30. Nxf6 Kxf6 31. Qc2 Rb3 32. c5 Bxh5 33. Rxh5 dxc5 34. Qxc5 Qd6 35. Qc4 Qb6 36. Qxa4 Qe3 37. Rh3 g4 38. Rh2 b5 39. Qa6+ Ke7 40. Qe6+ Kd8 41. Qf6+ Kd7 42. Qg7+ Kd6 43. Qxg4 Rg8 44. Rxh6+ Qxh6 45. Qxg8 Kc5 46. Qg6 Qd2+ 47. Kh3 Kd4 48. d6 c5 49. d7 Kxe4 50. Qg4+ 1-0

[Event "CRO-Cup"]
[Site "Pula"]
[Date "2000.??.??"]
[Round "3"]
[White "Jurkovic, Ante"]
[Black "Car, Tihomir"]
[Result "1-0"]
[WhiteElo "2326"]
[BlackElo "2355"]
[PlyCount "75"]
[EventDate "2000.??.??"]
[EventType "team"]
[EventRounds "5"]
[EventCountry "CRO"]
[SourceTitle "EXT 2001"]
[Source "ChessBase"]
[SourceDate "2000.11.22"]
[SourceVersion "1"]
[SourceVersionDate "2000.11.22"]
[SourceQuality "1"]

1. e4 c5 2. Nf3 Nc6 3. d4 cxd4 4. Nxd4 g6 5. Nc3 Bg7 6. Be3 Nf6 7. Bc4 0-0 8. Bb3 d6 9. f3 Bd7 10. Qd2 Qb8 11. h4 Rc8 12. h5 Nxh5 13. g4 Nf6 14. 0-0-0 e6 15. Nxc6 Bxc6 16. Bf4 b5 17. Bxd6 Qb6 18. Qf4 b4 19. Be5 bxc3 20. Bxf6 cxb2+ 21. Kb1 Rd8 22. Rxd8+ Rxd8 23. Bxg7 Kxg7 24. Qh6+ Kg8 25. Qxh7+ Kf8 26. Qh8+ Ke7 27. Qh4+ Kd7 28. Qf6 Kc7 29. Qxf7+ Bd7 30. Rd1 Kc8 31. Qxg6 a5 32. a4 Qb4 33. Kxb2 Bxa4 34. Qxe6+ Kc7 35. Qf7+ Kc8 36. Qc4+ Qxc4 37. Rxd8+ Kxd8 38. Bxc4 1-0

[Event "CRO-Cup"]
[Site "Pula"]
[Date "1998.??.??"]
[Round "3"]
[White "Car, Tihomir"]
[Black "Jurkovic, Hrvoje"]
[Result "1/2-1/2"]
[WhiteElo "2310"]
[BlackElo "2380"]
[PlyCount "26"]
[EventDate "1998.??.??"]
[EventType "team"]
[EventRounds "5"]
[EventCountry "CRO"]
[SourceTitle "EXT 2000"]
[Source "ChessBase"]
[SourceDate "1999.11.16"]
[SourceVersion "1"]
[SourceVersionDate "1999.11.16"]
[SourceQuality "1"]

1. e4 c5 2. Nf3 e6 3. d3 Nc6 4. c3 Nf6 5. Be2 Be7 6. 0-0 0-0 7. h3 d5 8. Nbd2 Qc7 9. Qc2 b6 10. Re1 Bb7 11. Bf1 Rac8 12. g3 Rfd8 13. b3 a6 1/2-1/2